000 01615nam a22004813a 4500
001 20664
003 VRT
005 20260128150233.0
008 160601s2016 yu g 000 p slo d
020 _a9788651703136 (brož.)
035 _aa000561638
039 9 _a201610050920
_bdrlickoj
_c201609271303
_dpechova
_c201606011116
_dvlckova
040 _aUKB
_bslo
_cUKB
_eAACR2
041 0 _aslo
044 _ayu
_cRS
_axo
_cSK
072 7 _a821.162.4-1
_xSlovenská poézia
_2konspekt
080 _a821.162.4-1
_22004
080 _a(0:82-1)
_22004
100 1 _aSládkovič, Andrej,
_d1820-1872
245 1 0 _aMarína
_cAndrej Sládkovič
250 _a1. vyd.
260 _a[Beograd]
_bLiber Novus
_c2016
300 _a63 s.
490 1 _aSlovenská klasika
_v9
500 _aVyd. v spolupr. s Ringier Axel Springer Slovakia
500 _aVyd. pre denník Nový Čas v rámci proj. Nový Čas Knižnica
653 _a821.162.4-1
653 _a(0:82-1)
655 7 _aslovenská poézia
_2UKBPH
830 0 _aSlovenská klasika
910 _aukb
942 _2ddc
_cKLDO
_n0
949 _61800688534
_aSJ.D.07263
_bPV.2016-7838
949 _61800688538
_aSK.D.74375
_bPV.2016-7839
_s6707:20161007
949 _61800688536
_a33.D.33058
_bDD.2016-363
949 _61800688537
_a33.D.33058
_bDD.2016-364
949 _61800688535
_a33.D.33058
_bDD.2016-365
949 _61800688539
_a33.D.33058
_bDD.2016-366
949 _61800688540
_a33.D.33058
_bDD.2016-367
949 _61800688541
_a33.D.33058
_bDD.2016-368
949 _61800688542
_a33.D.33058
_bDD.2016-369
949 _61800688543
_a33.D.33058
_bDD.2016-370
999 _c20664
_d20664